5HLuxD.jpg

KING HENRY VIII SENIOR AND PRIMARY SCHOOL LIBRARY OPAC

THE CHIME SEEKERS (Record no. 5471)

000 -LEADER
fixed length control field 00340nam a22001217a 4500
008 - FIXED-LENGTH DATA ELEMENTS--GENERAL INFORMATION
fixed length control field 250919b ||||| |||| 00| 0 eng d
020 ## - INTERNATIONAL STANDARD BOOK NUMBER
International Standard Book Number 9781406391190
082 ## - DEWEY DECIMAL CLASSIFICATION NUMBER
Classification number 823.02 MON
100 ## - MAIN ENTRY--PERSONAL NAME
Personal name MONTGOMERY.ROSS
Relator term AUTHOR
Language of a work ENGLISH
245 ## - TITLE STATEMENT
Title THE CHIME SEEKERS
260 ## - PUBLICATION, DISTRIBUTION, ETC.
Place of publication, distribution, etc. 87 VAUXHALL WALK,LONDON SE11 5HJ
Name of publisher, distributor, etc. WALKER BOOKS LTD
Date of publication, distribution, etc. 2021
942 ## - ADDED ENTRY ELEMENTS (KOHA)
Source of classification or shelving scheme
Holdings
Withdrawn status Lost status Source of classification or shelving scheme Damaged status Not for loan Collection code Permanent Location Current Location Shelving location Date acquired Source of acquisition Total Checkouts Full call number Barcode Date due Date last seen Date last checked out Price effective from Koha item type Public note
          Fiction KH8 Primary School Library KH8 Primary School Library Fiction 2025-09-19 SOF 1 823.02 MON KHPL000007178 2026-04-21 2026-04-13 2026-04-13 2025-09-19 Books - Fiction PRIMARY LIBRARY

Powered By KH8 IT Dept